MTS : Python - I ( F. Y. B. Sc. Sem. - I ) (Record no. 359872)

MARC details
000 -LEADER
fixed length control field 00395nam a22001577a 4500
005 - DATE AND TIME OF LATEST TRANSACTION
control field 20241017105323.0
008 - FIXED-LENGTH DATA ELEMENTS--GENERAL INFORMATION
fixed length control field 241017b |||||||| |||| 00| 0 eng d
020 ## - INTERNATIONAL STANDARD BOOK NUMBER
International Standard Book Number 978-93-6109-001-1
041 ## - LANGUAGE CODE
Language code of text/sound track or separate title eng
100 ## - MAIN ENTRY--PERSONAL NAME
Author Khaladkar, H. V. & Others
245 ## - TITLE STATEMENT
Title MTS : Python - I ( F. Y. B. Sc. Sem. - I )
250 ## - EDITION STATEMENT
Edition statement 1st ed.
260 ## - PUBLICATION, DISTRIBUTION, ETC.
Place of publication, distribution, etc. Pune
Name of publisher, distributor, etc. Nirali
300 ## - PHYSICAL DESCRIPTION
Extent 6.9
942 ## - ADDED ENTRY ELEMENTS (KOHA)
Koha item type Books
Holdings
Withdrawn status Lost status Source of classification or shelving scheme Damaged status Not for loan Home library Current library Date acquired Vendor Cost, normal purchase price Bill number Total Checkouts Barcode Date last seen Bill Date Koha item type Original Barcode
    Dewey Decimal Classification     Shri Siddhivinayak Mahila Mahavidyalaya Shri Siddhivinayak Mahila Mahavidyalaya 17/10/2024 Nirali 50.00 P 66232   SSMM-BK-31861 17/10/2024 17/10/2024 Books 010031861
    Dewey Decimal Classification     Shri Siddhivinayak Mahila Mahavidyalaya Shri Siddhivinayak Mahila Mahavidyalaya 17/10/2024 Nirali 50.00 P 66232   SSMM-BK-31862 17/10/2024 17/10/2024 Books 010031862
    Dewey Decimal Classification     Shri Siddhivinayak Mahila Mahavidyalaya Shri Siddhivinayak Mahila Mahavidyalaya 17/10/2024 Nirali 50.00 P 66232   SSMM-BK-31863 17/10/2024 17/10/2024 Books 010031863
    Dewey Decimal Classification     Shri Siddhivinayak Mahila Mahavidyalaya Shri Siddhivinayak Mahila Mahavidyalaya 17/10/2024 Nirali 50.00 P 66232   SSMM-BK-31864 17/10/2024 17/10/2024 Books 010031864
    Dewey Decimal Classification     Shri Siddhivinayak Mahila Mahavidyalaya Shri Siddhivinayak Mahila Mahavidyalaya 17/10/2024 Nirali 50.00 P 66232   SSMM-BK-31865 17/10/2024 17/10/2024 Books 010031865